| 000 -ლიდერი |
| ფიქსირებული სიგრძის საკონტროლო ველი |
02345nam a22002657a 4500 |
| 003 - საკონტროლო ნომრის იდენტიფიკატორი |
| საკონტროლო ველი |
Ge_BSU |
| 005 - ბოლო ოპერაციის თარიღი და დრო |
| საკონტროლო ველი |
20250528165645.0 |
| 008 - ფიქსირებული სიგრძის მონაცემთა ელემენტები - ზოგადი ინფორმაცია |
| ფიქსირებული სიგრძის საკონტროლო ველი |
250528s2023 ge ||||| |||| 00| 0 geo d |
| 020 ## - წიგნის საერთაშორისო სტანდარტული ნომერი |
| International Standard Book Number |
9789941978951 |
| 041 ## - ენის კოდი |
| Language code of text/sound track or separate title |
geo |
| 080 ## - უნივერსალური ათობითი კლასიფიკაციის ინდექსი |
| Universal Decimal Classification number |
392(100) : 821.135.1-4 ე-56 |
| 100 ## - მთავარი ჩანაწერი - პიროვნების სახელი |
| Personal name |
ელიადე, მირჩა |
| 9 (RLIN) |
25159 |
| 245 ## - ცნობა სათაურის შესახებ |
| Title |
ინიციაცია, რიტუალები, საიდუმლო საზოგადოებები : |
| Remainder of title |
მისტიკური დაბადებები, ესეი ზოგიერთი ტიპის ინიციაციის შესახებ = Initiation, rites, societes secretes : Naissances mystiques Essai sur quelquen types d'initiation / |
| Statement of responsibility, etc |
მირჩა ელიადე; ფრანგულიდან თარგმნა თამარ ლომიძემ; სამეცნიერო რედაქტორი და წინასიტყვაობა ხათუნა თავდგირიძე; რედაქტორი ელზა ახვლედიანი; ყდის დიზაინი მარიამ ჭკადუა. |
| 264 ## - წარმოების, გამოცემის, დისტრიბუციის და სხვა ცნობები |
| გამოცემის, წარმოების, დისტრიბუციის... ადგილი |
თბილისი : |
| გამოცემის, წარმოების, დისტრიბუციის... სახელწოდება |
ალეფი, |
| გამოცემის, წარმოების, დისტრიბუციის... თარიღი |
2023. |
| 300 ## - ფიზიკური აღწერა |
| Extent |
306 გვ. ; |
| Other physical details |
20 სმ. |
| 500 ## - ზოგადი შენიშვნა |
| General note |
პუბლიკაცია დაფინანსებულია რუმინული კულტურის ინსტიტუტის ფინანსური მხარდაჭერით. |
| 504 ## - BIBLIOGRAPHY, ETC. NOTE |
| Bibliography, etc |
ბიბლიოგრაფია ტექსტის შენიშვნებში. |
| 653 ## - INDEX TERM--UNCONTROLLED |
| Uncontrolled term |
მსოფლიოს ქვეყნების რიტუალები |
| 653 ## - INDEX TERM--UNCONTROLLED |
| Uncontrolled term |
საკაცობრიო კულტურა -- ინიციაციები. |
| 700 ## - ADDED ENTRY--PERSONAL NAME |
| Personal name |
ლომიძე, თამარ |
| Relator term |
მთარგმნელი |
| 9 (RLIN) |
13566 |
| 700 ## - ADDED ENTRY--PERSONAL NAME |
| Personal name |
თავდგირიძე, ხათუნა |
| Relator term |
სამეცნიერო რედაქტორი, წინასიტყვაობის ავტორი. |
| 9 (RLIN) |
25163 |
| 700 ## - ADDED ENTRY--PERSONAL NAME |
| Personal name |
ახვლედიანი, ელზა |
| Relator term |
რედაქტორი |
| 9 (RLIN) |
25164 |
| 700 ## - ADDED ENTRY--PERSONAL NAME |
| Personal name |
ჭკადუა, მარიამ |
| Relator term |
ყდის დიზაინერი |
| 9 (RLIN) |
25162 |
| 942 ## - ADDED ENTRY ELEMENTS (KOHA) |
| Source of classification or shelving scheme |
|
| Koha item type |
წიგნი |